Introduction to education (Record no. 8224)

MARC details
000 -LEADER
fixed length control field 00416cam a2200181ua 4500
008 - FIXED-LENGTH DATA ELEMENTS--GENERAL INFORMATION
fixed length control field 150223n ii |||gr||||Z||||||eng
040 ## - CATALOGING SOURCE
Transcribing agency MAIN
041 ## - LANGUAGE CODE
-- eng
082 ## - DEWEY DECIMAL CLASSIFICATION NUMBER
Classification number 370
100 ## - MAIN ENTRY--PERSONAL NAME
Personal name Sarma, M. S.,
Relator term
245 1# - TITLE STATEMENT
Title Introduction to education
Statement of responsibility, etc. By M. Kr. Sarma
250 ## - EDITION STATEMENT
Edition statement 2nd rev.
260 ## - PUBLICATION, DISTRIBUTION, ETC.
Place of publication, distribution, etc. Dibrugarh:
Name of publisher, distributor, etc. Tusher,
Date of publication, distribution, etc. 2010.
300 ## - PHYSICAL DESCRIPTION
Extent 310p.
942 ## - ADDED ENTRY ELEMENTS (KOHA)
Koha item type Books
653 ## - INDEX TERM--UNCONTROLLED
Uncontrolled term Education
Holdings
Withdrawn status Lost status Damaged status Not for loan Home library Current library Date acquired Total Checkouts Full call number Barcode Date last seen Date last checked out Copy number Price effective from Koha item type
        Central Library, Naharkatiya College Central Library, Naharkatiya College 19/09/2020 1 370 | SAR 19751 15/10/2022 15/10/2022 1 19/09/2020 Books
        Central Library, Naharkatiya College Central Library, Naharkatiya College 19/09/2020 1 370 | SAR 19752 17/08/2022 02/08/2022 3 19/09/2020 Books
        Central Library, Naharkatiya College Central Library, Naharkatiya College 19/09/2020 1 370 | SAR 19753 16/12/2022 01/12/2022 4 19/09/2020 Books
        Central Library, Naharkatiya College Central Library, Naharkatiya College 19/09/2020 1 370 | SAR 19754 28/02/2022 14/02/2022 2 19/09/2020 Books

Naharkatiya College © 2020. All rights reserved.

Powered By